| 000 | 00387nam a2200145Ia 4500 | ||
|---|---|---|---|
| 008 | 130318s9999 xx 000 0 und d | ||
| 020 | _a9788120313569 | ||
| 082 | _a006.32 HAS/F | ||
| 100 | _aHassoun, Mohamad H | ||
| 245 | _aFundametals of Artificial Neural Netwoks | ||
| 260 |
_bPHI Learning _aNew Delhi _c1995 |
||
| 300 | _a511 | ||
| 650 | _aNEURAL MEMORIES | ||
| 650 | _aNEURAL NETWORKS | ||
| 999 |
_c2340 _d2340 |
||